000 00527nam a2200181Ia 4500
003 GCL
008 140319s9999 xx 000 0 ara d
040 _aGCL /
_cGCL
082 0 4 _a813.01
_bن ا
100 1 _aنجلاء علام
245 1 0 _aافيال صغيرة لم نمت بعد /
_cنجلاء علام
300 _a86 ص
490 _aكتابات جديدة
_v0
650 0 4 _aالادب العربى
650 0 4 _aالقصص العربية
650 0 4 _aالقصص العربية القصيرة
942 _2ddc
_cBK
999 _c52266
_d52266